01007cam a2200289 i 45000010009000000050017000090080041000260100017000670200018000840350013001020400023001150420008001380500022001460820015001681000045001832450142002282500020003702640072003903000046004623360026005083370028005343380027005625040051005896500025006406500020006657000032006852075534520251015135609.0181123s2020 enka b 001 0 eng  a 2018965279 a9780128128817 a20755345 aDLCbengerdacDLC apcc00aTK9145b.M87 202000a621.482231 aMurray, Raymond L.,d1920-2011,eauthor.10aNuclear energy :ban introduction to the concepts, systems, and applications of nuclear processes /cRaymond L. Murray, Keith E. Holbert. aEighth edition. 1aOxford [England] ;aCambridge, MA :bButterworth-Heinemann,c[2020] axvii, 606 pages :billustrations ;c24 cm atextbtxt2rdacontent aunmediatedbn2rdamedia avolumebnc2rdacarrier aIncludes bibliographical references and index. 0aNuclear engineering. 0aNuclear energy.1 aHolbert, Keith E.,eauthor.